000 00891nam a22002297a 4500
005 20120216122340.0
010 _aB-453665
020 _a9780143335740
035 _aB-453665
037 _adpl
_bRBC/Ven
082 _aS
100 _aRay, Satyajit
_946393
245 _aThe mystery of the elephant god /
_cby Satyajit Ray ; translated from the Bengali by Gopa Majumdar
260 _aNew Delhi
_bPenguin Books
_c2003
270 _a11, Community Center,Panchsheel Park,
_bNew Delhi
_e110017
300 _a104p
_c18cm(pbk)
490 _aThe adventures of feluda
_v7
_946394
700 _aMajumdar,Gopa
_942457
942 _2ddc
_cEN
_mRAY
_hS
999 _c65945
_d65945